000 00715nam a22002297a 4500
003 UA-OsUOA
001 49368
007 ta
008 20071003b un ||||| |||| 00| 0 ukr d
090 _a324(477)"2006"
_bВ41
942 _cBK
040 _aUA-OsUOA
_bukr
_cUA-OsUOA
_dUA-OsUOA
245 _aВибори - 2006: Досвід. Проблеми. Перспективи.
_bЗбірник матеріалів міжнародної науково-практичної конференції
300 _a552 с.
955 _a2
041 _aukr
080 _a324(477)"2006"
020 _a978-966-326-228-4
260 _aК.
_c2007
650 7 _a32 Політика
_2UDC
999 _c335469
_d335469